[Event "Olimpiade 2024 - Donne"]
[Site "Budapest"]
[Date "20.09.2024"]
[Round "9.15"]
[Board "2"]
[White "Nusrat Jahan, Alo"]
[Black "Campos, Maria Jose"]
[Result "0-1"]
[WhiteTitle "WCM"]
[BlackTitle "WIM"]
[WhiteElo "2033"]
[BlackElo "2252"]
[WhiteTeam "Bangladesh"]
[BlackTeam "Argentina"]
[WhiteFideId "10226826"]
[BlackFideId "146803"]
[EventDate "2024.09.11"]

1. e4 e5 2. Nf3 Nc6 3. Bc4 Nf6 4. Ng5 d5 5. exd5 Na5 6. Bb5+ Bd7 7. Qe2 Be7 8.
Nc3 O-O 9. Nf3 Bg4 10. h3 Bh5 11. Bd3 Re8 12. O-O Nxd5 13. Bxh7+ Kxh7 14. Qe4+
f5 15. Qxd5 Qxd5 16. Nxd5 Bxf3 17. gxf3 Bd6 18. d3 Nc6 19. c3 a5 20. a4 Kg6 21.
f4 e4 22. d4 Rh8 23. Kg2 Rae8 24. Be3 Nb8 25. c4 c6 26. Nb6 Rh4 27. c5 Bc7 28.
Nc4 Na6 29. Kg3 Reh8 30. Rh1 Nb4 31. Ne5+ Bxe5 32. dxe5 Nd5 33. Bd2 Kf7 34. Rae1
g5 35. fxg5 f4+ 36. Kg2 Ke6 37. Bxa5 Rg8 38. Kf1 Kxe5 39. b4 Kf5 40. g6 Rxg6 41.
b5 e3 42. Rh2 Ke4 43. Rg2 Rxg2 44. Kxg2 f3+ 45. Kg3 Rh8 46. Bd2 Rg8+ 47. Kh4 e2
48. b6 Nf4 49. Bxf4 Kxf4 50. Kh5 Rg5+ 51. Kh6 Rxc5 52. h4 Rd5 0-1

[Event "Olimpiade 2024 - Donne"]
[Site "Budapest"]
[Date "20.09.2024"]
[Round "9.15"]
[Board "3"]
[White "Borda Rodas, Anapaola S."]
[Black "Wadifa, Ahmed"]
[Result "1-0"]
[WhiteTitle "WIM"]
[BlackTitle "WFM"]
[WhiteElo "2216"]
[BlackElo "1988"]
[WhiteTeam "Argentina"]
[BlackTeam "Bangladesh"]
[WhiteFideId "152781"]
[BlackFideId "10226869"]
[EventDate "2024.09.11"]

1. e4 c5 2. Nf3 e6 3. d4 cxd4 4. Nxd4 a6 5. Bd3 Nc6 6. Nxc6 dxc6 7. Bf4 Bc5 8.
O-O Ne7 9. e5 Ng6 10. Bxg6 hxg6 11. Qxd8+ Kxd8 12. Nd2 f6 13. Ne4 Be7 14. Rad1+
Ke8 15. c4 c5 16. Be3 Rh5 17. exf6 gxf6 18. g4 Rh4 19. f3 Bd7 20. Bxc5 Bc6 21.
Bf2 Rh3 22. Bg3 Kf7 23. a3 e5 24. b4 f5 25. Nf2 Rxg3+ 26. hxg3 Bxf3 27. Rde1 Rh8
28. gxf5 gxf5 29. Nd3 Rh1+ 30. Kf2 Rxf1+ 31. Rxf1 1-0

[Event "Olimpiade 2024 - Donne"]
[Site "Budapest"]
[Date "20.09.2024"]
[Round "9.15"]
[Board "4"]
[White "Hamid, Rani"]
[Black "Sarquis, Maria Belen"]
[Result "1-0"]
[WhiteTitle "WIM"]
[BlackTitle "WIM"]
[WhiteElo "1900"]
[BlackElo "2172"]
[WhiteTeam "Bangladesh"]
[BlackTeam "Argentina"]
[WhiteFideId "10200096"]
[BlackFideId "111805"]
[EventDate "2024.09.11"]

1. e4 e5 2. Nf3 Nc6 3. Bb5 a6 4. Ba4 Nf6 5. O-O d6 6. Re1 Bd7 7. c3 g6 8. d4 Bg7
9. Nbd2 O-O 10. Nf1 b5 11. Bb3 Bg4 12. Be3 Na5 13. dxe5 Bxf3 14. Qxf3 dxe5 15.
Bc2 Qe7 16. b4 Nb7 17. Bg5 h6 18. Bh4 Nd6 19. Ne3 c6 20. Rad1 a5 21. Ng4 Nde8
22. a3 Qe6 23. Ne3 axb4 24. axb4 Ra3 25. Rd3 Nd6 26. Bxf6 Bxf6 27. Red1 Be7 28.
Ng4 Kg7 29. h3 Rd8 30. Qe3 h5 31. Qh6+ Kg8 32. Nh2 Qf6 33. Nf3 Rd7 34. h4 Ra2
35. R3d2 Ra3 36. Rd3 Ra2 37. Bb3 Rb2 38. c4 bxc4 39. Bxc4 Ra7 40. Bb3 Bf8 41.
Qc1 Rxb3 42. Rxb3 Nb5 43. Qb2 Bd6 44. Rbd3 Qe7 45. Qd2 Rd7 46. Qc1 Rc7 47. Qh6
Qf6 48. Ng5 Nd4 49. Ra1 Rc8 50. Ra7 Bc7 51. Rda3 Nb5 52. Ra8 Bb8 53. Qh7+ Kf8
54. Rf3 1-0

[Event "Olimpiade 2024 - Donne"]
[Site "Budapest"]
[Date "20.09.2024"]
[Round "9.16"]
[Board "1"]
[White "Frayna, Janelle Mae"]
[Black "Bulmaga, Irina"]
[Result "0-1"]
[WhiteTitle "WGM"]
[BlackTitle "IM"]
[WhiteElo "2216"]
[BlackElo "2406"]
[WhiteTeam "Philippines"]
[BlackTeam "Romania"]
[WhiteFideId "5212499"]
[BlackFideId "13903063"]
[EventDate "2024.09.11"]

1. Nf3 Nf6 2. c4 e6 3. g3 d5 4. Bg2 dxc4 5. Qa4+ Bd7 6. Qxc4 c5 7. Ne5 Qc8 8.
O-O Nc6 9. Nxd7 Qxd7 10. Qa4 Rc8 11. Nc3 Be7 12. d3 O-O 13. Be3 Nd5 14. Nxd5
exd5 15. Rac1 b6 16. a3 Rfd8 17. Rfe1 Rb8 18. Qb5 Qb7 19. Qb3 Qd7 20. Qb5 Rb7
21. Qb3 h6 22. Qc2 Rc7 23. Qa4 Rb7 24. Qc2 Rc7 25. Qa4 a5 26. Qb5 Rb7 27. Bh3
Qc7 28. Bf4 Bd6 29. Be3 Be5 30. Rc2 Rbb8 31. Rd1 Qd6 32. Bg2 g5 33. Bh3 Bd4 34.
Bc1 Bxf2+ 35. Kxf2 Nd4 36. Qa4 b5 37. Qxa5 Nxc2 38. Qc3 Nd4 39. b4 Qf6+ 40. Kg2
Re8 41. Re1 Rxe2+ 0-1

[Event "Olimpiade 2024 - Donne"]
[Site "Budapest"]
[Date "20.09.2024"]
[Round "9.16"]
[Board "2"]
[White "Sandu, Mihaela"]
[Black "Fronda, Jan Jodilyn"]
[Result "1-0"]
[WhiteTitle "WGM"]
[BlackTitle "WIM"]
[WhiteElo "2248"]
[BlackElo "2165"]
[WhiteTeam "Romania"]
[BlackTeam "Philippines"]
[WhiteFideId "1204327"]
[BlackFideId "5204585"]
[EventDate "2024.09.11"]

1. e4 c5 2. Nf3 e6 3. d4 cxd4 4. Nxd4 Nc6 5. Nc3 Qc7 6. Be3 a6 7. g4 b5 8. Nxc6
Qxc6 9. Qd2 Bb7 10. O-O-O d6 11. f3 Nf6 12. h4 Be7 13. h5 h6 14. Ne2 Rc8 15. Nd4
Qc7 16. Rg1 Nd7 17. g5 hxg5 18. Bxg5 Rxh5 19. Bxe7 Kxe7 20. Rxg7 d5 21. Be2 Qe5
22. f4 Qxg7 23. Bxh5 Nf6 24. Qb4+ Kd7 25. Bf3 Qg3 26. Qd2 Rh8 27. exd5 Bxd5 28.
f5 Rh2 29. fxe6+ fxe6 30. Qc3 Qc7 31. Bxd5 exd5 32. Qe3 Ne4 33. Qf3 Qe5 34. Qf7+
Kd6 1-0

[Event "Olimpiade 2024 - Donne"]
[Site "Budapest"]
[Date "20.09.2024"]
[Round "9.16"]
[Board "3"]
[White "Canino, Ruelle"]
[Black "Voicu-Jagodzinsky, Carmen"]
[Result "1-0"]
[BlackTitle "WGM"]
[WhiteElo "2004"]
[BlackElo "2271"]
[WhiteTeam "Philippines"]
[BlackTeam "Romania"]
[WhiteFideId "5220416"]
[BlackFideId "1206729"]
[EventDate "2024.09.11"]

1. c4 c5 2. Nf3 Nc6 3. g3 e5 4. Bg2 g6 5. O-O d6 6. Nc3 Bg7 7. a3 a5 8. Ne1 Be6
9. d3 Nge7 10. Nd5 O-O 11. Nc2 Rb8 12. a4 Nb4 13. Nxe7+ Qxe7 14. Bd2 f5 15. Bc3
f4 16. Re1 Qf7 17. Bxb4 axb4 18. Qd2 h5 19. e3 f3 20. Bf1 e4 21. Rab1 h4 22. g4
Bxg4 23. dxe4 Be5 24. Red1 Be6 25. Ne1 Rbd8 26. Nd3 Rd7 27. Nxe5 dxe5 28. Qc2
Rfd8 29. Kh1 b3 30. Qxb3 Rd2 31. Rxd2 Rxd2 32. Qc3 Qd7 33. Qxe5 Bh3 34. Qg5 Bg2+
35. Bxg2 Rd1+ 36. Rxd1 Qxd1+ 37. Bf1 Qxf1+ 38. Qg1 Qxc4 39. Qxg6+ Kh8 40. Qf6+
Kg8 41. Qd8+ Kg7 42. Qc7+ Kg6 43. Qd6+ Kg7 44. Qe5+ Kg6 45. Qf5+ Kg7 46. Qg4+
Kf7 47. Qxf3+ Ke7 48. Kg2 Qxa4 49. Qf4 Qc2 50. Qxh4+ Kd7 51. Qg4+ Kc7 52. Qg7+
Kc6 53. Qe5 b5 54. h4 Qe2 55. Qe6+ Kb7 56. e5 b4 57. b3 Qc2 58. Qd5+ Kb6 59. e6
Qg6+ 60. Kh3 Qf6 61. f4 Qc3 62. Qe4 Qh8 63. e7 Qe8 64. Qe6+ Kc7 65. f5 Qh5 66.
Kg3 1-0

[Event "Olimpiade 2024 - Donne"]
[Site "Budapest"]
[Date "20.09.2024"]
[Round "9.16"]
[Board "4"]
[White "Lehaci, Miruna-Daria"]
[Black "Galas, Bernadette"]
[Result "1/2-1/2"]
[WhiteTitle "WIM"]
[BlackTitle "WIM"]
[WhiteElo "2180"]
[BlackElo "2013"]
[WhiteTeam "Romania"]
[BlackTeam "Philippines"]
[WhiteFideId "1234765"]
[BlackFideId "5208912"]
[EventDate "2024.09.11"]

1. e4 c5 2. Nf3 Nc6 3. Bb5 g6 4. O-O Bg7 5. Bxc6 dxc6 6. d3 e5 7. a3 Qc7 8. Be3
b6 9. b4 cxb4 10. axb4 Nf6 11. c4 O-O 12. Nc3 Nh5 13. b5 c5 14. Nd5 Qd6 15. Ra3
f5 16. Bd2 Nf4 17. Re1 fxe4 18. dxe4 Bg4 19. Bc1 g5 20. Ree3 Kh8 21. Bb2 Bxf3
22. Rxf3 Qd7 23. Rfc3 Rad8 24. Rc2 Rf7 25. Rd2 Qe6 26. Qa1 Rdd7 27. Qd1 h6 28.
Qc2 Qe8 29. Ra1 Ne6 30. Ra3 Nf4 31. Bc3 Qe6 32. Qd1 Qe8 33. Qa1 Qe6 34. Bb2 Qe8
35. Qa2 Qe6 36. Bc1 Qg4 37. f3 Qe6 38. Ne3 Rxd2 39. Qxd2 Rd7 40. Nd5 Qf7 41. Bb2
Ne6 42. Qf2 Nf4 43. Bc1 Qg6 44. h3 Ne6 45. Be3 Qf7 46. Ra2 Nd4 47. Qg3 Qe6 48.
Kh1 Rf7 49. Qg4 Qxg4 50. hxg4 Ne6 51. Kg1 Rd7 52. Rd2 Nd4 53. Kf2 Kg8 54. Rd1
Kf7 55. g3 Ne6 56. Kg2 Ke8 57. Rf1 Rf7 58. Bd2 1/2-1/2

[Event "Olimpiade 2024 - Donne"]
[Site "Budapest"]
[Date "20.09.2024"]
[Round "9.17"]
[Board "1"]
[White "Keinanen, Anastasia"]
[Black "Unuk, Laura"]
[Result "1-0"]
[WhiteTitle "WIM"]
[BlackTitle "IM"]
[WhiteElo "2212"]
[BlackElo "2316"]
[WhiteTeam "Finland"]
[BlackTeam "Slovenia"]
[WhiteFideId "34101737"]
[BlackFideId "14609215"]
[EventDate "2024.09.11"]

1. e4 c6 2. d4 d5 3. exd5 cxd5 4. Bd3 Nc6 5. c3 Nf6 6. Bf4 e6 7. Nd2 h6 8. Ngf3
Bd6 9. Bxd6 Qxd6 10. O-O O-O 11. Re1 Nd7 12. Qe2 b6 13. Ne5 Ncxe5 14. dxe5 Qe7
15. Bc2 Nc5 16. Nf3 Ba6 17. Qd2 Bb7 18. Nd4 f6 19. exf6 Qxf6 20. b4 Ne4 21. Bxe4
dxe4 22. Re3 e5 23. Nb3 Rad8 24. Qe1 Rd3 25. c4 Rfd8 26. Rc1 Qg6 27. h3 Qh5 28.
Kh2 Qg6 29. c5 Bd5 30. Nd2 bxc5 31. bxc5 Qc6 32. a3 Rf8 33. Rc3 Rxc3 34. Rxc3 e3
35. fxe3 e4 36. Qg3 Rd8 37. Qe5 Qg6 38. Nc4 Bxc4 39. Rxc4 Re8 40. Qd5+ Qf7 41.
Qxf7+ Kxf7 42. c6 Kf6 43. c7 Rc8 44. Kg3 Ke5 45. Kg4 Kd5 46. Rc3 Ke5 47. Kh5 Kf5
48. Rc6 a5 49. g4+ Ke5 50. Kg6 Kd5 1-0

[Event "Olimpiade 2024 - Donne"]
[Site "Budapest"]
[Date "20.09.2024"]
[Round "9.17"]
[Board "2"]
[White "Urh, Zala"]
[Black "Paasikangas, Johanna"]
[Result "0-1"]
[WhiteTitle "WIM"]
[BlackTitle "FM"]
[WhiteElo "2251"]
[BlackElo "2058"]
[WhiteTeam "Slovenia"]
[BlackTeam "Finland"]
[WhiteFideId "14611481"]
[BlackFideId "500879"]
[EventDate "2024.09.11"]

1. d4 Nf6 2. c4 g6 3. Nc3 Bg7 4. e4 d6 5. Be2 O-O 6. Be3 Nbd7 7. Qc2 e5 8. d5
Qe7 9. h4 c5 10. h5 Ne8 11. Nf3 Ndf6 12. hxg6 fxg6 13. Nd2 Ng4 14. Bxg4 Bxg4 15.
f3 Bd7 16. O-O-O a6 17. Rh2 Rf7 18. Rdh1 Bf6 19. Nd1 b5 20. Nf2 Bg5 21. Nf1 bxc4
22. Bxg5 Qxg5+ 23. Qd2 Qe7 24. Ne3 Rb8 25. Nfg4 Bxg4 26. Nxg4 Rg7 27. f4 Nf6 28.
Nxf6+ Qxf6 29. g3 exf4 30. gxf4 Rgb7 31. e5 dxe5 32. d6 Qxf4 33. Qxf4 exf4 34.
Rc2 Rd7 35. Rxc4 Rf8 36. Rxc5 Rxd6 37. Rc7 h5 38. Re1 Rdf6 0-1

[Event "Olimpiade 2024 - Donne"]
[Site "Budapest"]
[Date "20.09.2024"]
[Round "9.17"]
[Board "3"]
[White "Bederdin, Lilja"]
[Black "Janzelj, Lara"]
[Result "0-1"]
[BlackTitle "WIM"]
[WhiteElo "2065"]
[BlackElo "2193"]
[WhiteTeam "Finland"]
[BlackTeam "Slovenia"]
[WhiteFideId "510360"]
[BlackFideId "14608391"]
[EventDate "2024.09.11"]

1. d4 d5 2. Nf3 Nf6 3. c4 c6 4. Nc3 dxc4 5. a4 Bf5 6. Ne5 e6 7. e3 Nbd7 8. Nxc4
Bb4 9. Bd2 O-O 10. Be2 c5 11. O-O Qe7 12. Re1 Rfd8 13. Bf3 Bd3 14. Ne5 Nxe5 15.
dxe5 Nd7 16. Bxb7 Rab8 17. Bf3 Nxe5 18. Be2 Nc4 19. Qc1 Qd7 20. Bf3 Bg6 0-1

[Event "Olimpiade 2024 - Donne"]
[Site "Budapest"]
[Date "20.09.2024"]
[Round "9.17"]
[Board "4"]
[White "Mihelic, Vesna"]
[Black "Puuska, Heini"]
[Result "1/2-1/2"]
[WhiteTitle "WFM"]
[BlackTitle "WFM"]
[WhiteElo "2069"]
[BlackElo "1930"]
[WhiteTeam "Slovenia"]
[BlackTeam "Finland"]
[WhiteFideId "14625520"]
[BlackFideId "502324"]
[EventDate "2024.09.11"]

1. e4 c5 2. Nf3 g6 3. d4 cxd4 4. Nxd4 Bg7 5. Nc3 Nc6 6. Be3 d6 7. Be2 Nf6 8. O-O
O-O 9. Kh1 d5 10. exd5 Nxd5 11. Nxd5 Qxd5 12. Bf3 Qc4 13. Nxc6 bxc6 14. c3 Bf5
15. Qb3 Qa6 16. Bc5 Rab8 17. Qa3 Qxa3 18. Bxa3 c5 19. Rad1 Rfc8 20. Rfe1 Be6 21.
Bd5 Bxd5 22. Rxd5 Rc7 23. Red1 Bf8 24. c4 e6 25. Rd7 Rbb7 26. Rd8 Kg7 27. b3 Be7
28. R8d3 Bf6 29. Bc1 Bd4 30. f4 a5 31. Bd2 Ra7 32. a3 Bb2 33. g4 f6 34. Rd6 Rd7
35. Be3 Rxd6 36. Rxd6 Bxa3 37. Rxe6 1/2-1/2

[Event "Olimpiade 2024 - Donne"]
[Site "Budapest"]
[Date "20.09.2024"]
[Round "9.18"]
[Board "1"]
[White "Borosova, Zuzana"]
[Black "Wafa, Shrook"]
[Result "1/2-1/2"]
[WhiteTitle "WGM"]
[BlackTitle "WGM"]
[WhiteElo "2205"]
[BlackElo "2137"]
[WhiteTeam "Slovakia"]
[BlackTeam "Egypt"]
[WhiteFideId "14905779"]
[BlackFideId "10609970"]
[EventDate "2024.09.11"]

1. e4 c5 2. Nf3 Nc6 3. d4 cxd4 4. Nxd4 g6 5. c4 Bg7 6. Be3 Nf6 7. Nc3 d6 8. Be2
O-O 9. f3 Bd7 10. Qd2 Nxd4 11. Bxd4 Bc6 12. O-O a5 13. Rfd1 a4 14. b4 axb3 15.
axb3 Nd7 16. Bxg7 Kxg7 17. Qd4+ Kg8 18. b4 b6 19. Rdc1 Qb8 20. Nd1 Rxa1 21. Rxa1
b5 22. cxb5 Bxb5 23. Bxb5 Qxb5 24. Nc3 Qb6 25. Qxb6 Nxb6 26. Kf2 Rc8 27. Ra3 Kf8
28. Ke2 Ke8 29. Kd3 Nc4 30. Ra7 Ne5+ 31. Kc2 Nc6 32. Rb7 Nd8 33. Ra7 Nc6 34. Rb7
Nd8 35. Ra7 Rb8 36. b5 Rb7 37. Rxb7 Nxb7 38. Kb3 e6 39. Kc4 Kd7 40. h4 Kc7 41.
Na4 Na5+ 42. Kb4 Nb7 43. Kc4 f6 44. Kb4 Nd8 45. Nc3 Nb7 46. Na4 Nd8 47. Nc3 Nb7
48. Na4 1/2-1/2

[Event "Olimpiade 2024 - Donne"]
[Site "Budapest"]
[Date "20.09.2024"]
[Round "9.70"]
[White "Wafa, Shahenda"]
[Black "Repkova, Eva"]
[Result "0-1"]
[WhiteTitle "WGM"]
[BlackTitle "IM"]
[WhiteElo "2102"]
[BlackElo "2319"]
[WhiteTeam "Egypt"]
[BlackTeam "Slovakia"]
[WhiteFideId "10609962"]
[BlackFideId "14900440"]
[EventDate "2024.09.11"]

1. e4 e5 2. Nf3 Nc6 3. Bb5 a6 4. Ba4 Nf6 5. O-O Be7 6. Re1 b5 7. Bb3 d6 8. c3
O-O 9. h3 Bd7 10. d4 a5 11. d5 a4 12. Bc2 Na5 13. b4 Nc4 14. Nbd2 Nb6 15. Nf1
Rc8 16. Ne3 Re8 17. Bd3 c6 18. dxc6 Bxc6 19. Nf5 Bf8 20. Qe2 d5 21. Bxb5 Nxe4
22. Bxc6 Rxc6 23. Qa6 Qd7 24. Ne3 Nxc3 25. b5 Rg6 26. Ng4 Nc4 27. b6 Rxb6 28.
Ngxe5 Nxe5 29. Qxb6 Nxf3+ 30. gxf3 Rxe1+ 0-1

[Event "Olimpiade 2024 - Donne"]
[Site "Budapest"]
[Date "20.09.2024"]
[Round "9.18"]
[Board "3"]
[White "Mrvova, Alena"]
[Black "Romany, Joy"]
[Result "1/2-1/2"]
[WhiteTitle "WIM"]
[BlackTitle "WIM"]
[WhiteElo "2121"]
[BlackElo "2012"]
[WhiteTeam "Slovakia"]
[BlackTeam "Egypt"]
[WhiteFideId "14902036"]
[BlackFideId "10656820"]
[EventDate "2024.09.11"]

1. e4 c5 2. Nf3 e6 3. d3 Nc6 4. g3 g6 5. Bg2 Bg7 6. O-O d6 7. Re1 Nf6 8. a4 O-O
9. Na3 Rb8 10. Nc4 d5 11. exd5 Nxd5 12. Nfe5 Nce7 13. Ng4 Nf5 14. c3 b6 15. Nge3
Bb7 16. Nxd5 Bxd5 17. Bf4 Ra8 18. Qe2 Bxg2 19. Kxg2 Qd5+ 20. Qe4 Rad8 21. Rad1
Rd7 22. f3 Rfd8 23. Qe2 Qb7 24. g4 Ne7 25. Ne5 Nd5 26. Bg3 Re7 27. g5 f6 28.
gxf6 Bxf6 29. Qe4 Bg5 30. h4 Bh6 31. Ng4 Bg7 32. Be5 Rf7 33. d4 Rdf8 34. c4 Nf4+
35. Kh2 Qe7 36. Kg3 Nh5+ 37. Kg2 cxd4 38. Bxg7 Rxg7 39. Rxd4 Nf4+ 40. Qxf4 Rxf4
41. Rxf4 h5 42. Nf6+ Kh8 43. Nd5 Qe8 44. Rf6 e5 45. Re4 Rf7 46. Rxf7 Qxf7 47.
Rxe5 Qd7 48. b3 a6 49. Re7 Qd6 50. Rb7 Qe5 51. Rxb6 Qe2+ 52. Kg3 Qe1+ 53. Kg2
Qe2+ 54. Kg3 Qe1+ 55. Kg2 Qe2+ 1/2-1/2

[Event "Olimpiade 2024 - Donne"]
[Site "Budapest"]
[Date "20.09.2024"]
[Round "9.18"]
[Board "4"]
[White "Allam, Yara"]
[Black "Walter, Ema"]
[Result "0-1"]
[WhiteTitle "WCM"]
[BlackTitle "WFM"]
[WhiteElo "1920"]
[BlackElo "2055"]
[WhiteTeam "Egypt"]
[BlackTeam "Slovakia"]
[WhiteFideId "10615709"]
[BlackFideId "14960710"]
[EventDate "2024.09.11"]

1. e4 e5 2. Nf3 Nc6 3. Bc4 Bc5 4. c3 Nf6 5. d3 d6 6. Nbd2 a5 7. a4 O-O 8. O-O
Ba7 9. Re1 Be6 10. Qb3 Qd7 11. Nf1 h6 12. Ng3 Kh7 13. Be3 Bxe3 14. Rxe3 Rae8 15.
Ree1 b6 16. Qb5 d5 17. exd5 Bxd5 18. Bxd5 Qxd5 19. Qxd5 Nxd5 20. Nf5 g6 21. Ne3
Nf4 22. Rad1 Rd8 23. d4 exd4 24. Nxd4 Nxd4 25. cxd4 Rfe8 26. g3 Ne6 27. Nc2 Rd5
28. Rc1 Red8 29. f4 R8d7 30. Ne3 Rxd4 31. Ng4 Kg7 32. Ne5 R7d5 33. Rc6 Rc5 34.
b3 Rxc6 35. Nxc6 Rd3 36. g4 Nxf4 37. Re7 Rd1+ 38. Kf2 Ne6 39. Ne5 Kf6 40. Rd7
Rxd7 41. Nxd7+ Ke7 42. Ne5 Nd4 0-1

[Event "Olimpiade 2024 - Donne"]
[Site "Budapest"]
[Date "20.09.2024"]
[Round "9.19"]
[Board "1"]
[White "Maksimovic, Masa"]
[Black "Rogule, Laura"]
[Result "0-1"]
[WhiteTitle "WFM"]
[BlackTitle "WGM"]
[WhiteElo "2093"]
[BlackElo "2248"]
[WhiteTeam "Bosnia & Herzegovina"]
[BlackTeam "Latvia"]
[WhiteFideId "14408902"]
[BlackFideId "11601876"]
[EventDate "2024.09.11"]

1. e4 c5 2. Nf3 Nc6 3. d4 cxd4 4. Nxd4 Nf6 5. Nc3 d6 6. Be2 e5 7. Nf3 h6 8. O-O
Be7 9. Re1 O-O 10. Bf1 Bg4 11. h3 Bh5 12. g4 Bg6 13. Nh4 Bxe4 14. Nxe4 Nxe4 15.
Nf5 Nf6 16. Bg2 Re8 17. Bxh6 gxh6 18. Nxh6+ Kg7 19. g5 Ng8 20. Qh5 Bxg5 21.
Qxf7+ Kh8 22. Nf5 Qf6 23. Qxf6+ Nxf6 24. Nxd6 Re7 25. Nxb7 e4 26. Nd6 Rd8 27.
Nxe4 Rde8 28. f3 Nd4 29. Rad1 Nxc2 30. Re2 Ne3 31. Rd6 Nxe4 32. fxe4 Rg8 33. h4
Bf4 34. Rf6 Reg7 35. Rxf4 Nxg2 36. Rff2 Nf4+ 37. Kh2 Nxe2 38. Rxe2 Re8 0-1

[Event "Olimpiade 2024 - Donne"]
[Site "Budapest"]
[Date "20.09.2024"]
[Round "9.19"]
[Board "2"]
[White "Berzina, Ilze"]
[Black "Babic, Milana"]
[Result "1/2-1/2"]
[WhiteTitle "WGM"]
[BlackTitle "WCM"]
[WhiteElo "2200"]
[BlackElo "2080"]
[WhiteTeam "Latvia"]
[BlackTeam "Bosnia & Herzegovina"]
[WhiteFideId "11601345"]
[BlackFideId "14414945"]
[EventDate "2024.09.11"]

1. e4 c6 2. Nc3 d5 3. Nf3 dxe4 4. Nxe4 Nf6 5. Qe2 Nxe4 6. Qxe4 Nd7 7. Bc4 Nf6 8.
Ne5 e6 9. Qe2 Bd6 10. O-O Qc7 11. d4 h6 12. Bf4 b5 13. Bb3 O-O 14. c3 Bb7 15.
Bg3 Rfe8 16. Rfe1 a6 17. Bh4 Nd5 18. Bc2 c5 19. Bg3 cxd4 20. Qd3 f5 21. Qxd4
Rad8 22. Qh4 Nf6 23. Bb3 Kh7 24. Qh3 Be4 25. Nf3 Bxf3 26. Bxd6 Rxd6 27. Qxf3 g6
28. Rad1 Rxd1 29. Rxd1 e5 30. Qd3 Ne4 31. Qd7+ Re7 32. Qd5 Rg7 33. Bc2 Nc5 34.
Bb3 Ne4 35. Bc2 Nc5 36. Bb3 1/2-1/2

[Event "Olimpiade 2024 - Donne"]
[Site "Budapest"]
[Date "20.09.2024"]
[Round "9.19"]
[Board "3"]
[White "Jacimovic, Sara"]
[Black "Ter-Avetisjana, Agnesa Stepania"]
[Result "0-1"]
[WhiteTitle "WFM"]
[BlackTitle "WFM"]
[WhiteElo "1981"]
[BlackElo "2134"]
[WhiteTeam "Bosnia & Herzegovina"]
[BlackTeam "Latvia"]
[WhiteFideId "14403668"]
[BlackFideId "11614900"]
[EventDate "2024.09.11"]

1. e4 c6 2. d4 d5 3. Nc3 dxe4 4. Nxe4 Bf5 5. Ng3 Bg6 6. Bc4 e6 7. N1e2 Bd6 8.
Nf4 Qc7 9. Qf3 Bxf4 10. Bxf4 Qb6 11. O-O-O Nf6 12. Bd6 Nbd7 13. Rhe1 Qa5 14. h4
h6 15. Re3 Nd5 16. Re2 N7f6 17. h5 Bh7 18. Kb1 Rd8 19. Be5 O-O 20. Bd3 c5 21.
Bxh7+ Nxh7 22. Ne4 f6 23. Bd6 f5 24. Bxf8 fxe4 25. Qxe4 Nxf8 26. c4 Nf6 27. Qe5
Qa4 28. b3 Qc6 29. f3 b5 30. Rc2 bxc4 31. Rxc4 Rd5 32. Qb8 Qd7 33. Rdc1 Rxd4 34.
Rxc5 Rd2 35. R5c2 Qd3 36. Kb2 Qd4+ 37. Kb1 Qd3 38. Kb2 Qd4+ 39. Kb1 Nd5 40. Rxd2
Qxd2 41. Rc2 Qd1+ 42. Rc1 Qd3+ 43. Kb2 Qd4+ 44. Ka3 Nc3 45. Rxc3 Qxc3 46. Qxa7
Qc1+ 47. Kb4 Qd2+ 48. Kc4 Qd5+ 49. Kc3 Nd7 50. Qd4 Qa5+ 51. Kb2 Nf6 52. g4 Nd5
53. Qe5 Qd2+ 54. Ka3 Qc1+ 55. Ka4 Qc6+ 56. Ka3 Kf7 57. Kb2 Qc5 58. g5 hxg5 59.
Qxg5 Qf2+ 60. Ka3 Qa7+ 61. Kb2 Qf2+ 62. Ka3 Qc5+ 63. Kb2 Qc3+ 64. Ka3 Qb4+ 65.
Kb2 Qd4+ 66. Ka3 Nc3 67. b4 Qc4 68. Qg6+ Kf8 69. Qc2 Nb5+ 70. Kb2 Qxb4+ 71. Qb3
Qd2+ 72. Qc2 Qxc2+ 73. Kxc2 Nd4+ 74. Kd3 Nxf3 75. a4 Ne5+ 76. Kd4 Nd7 77. a5 Ke7
78. Ke4 Nc5+ 79. Ke5 Nd7+ 80. Kf4 Kf6 81. a6 e5+ 82. Ke3 Kf5 83. Kf3 Nb6 0-1

[Event "Olimpiade 2024 - Donne"]
[Site "Budapest"]
[Date "20.09.2024"]
[Round "9.19"]
[Board "4"]
[White "Krumina, Linda"]
[Black "Mahmutbegovic Smajilbasic, Nadina"]
[Result "0-1"]
[WhiteTitle "WFM"]
[BlackTitle "WFM"]
[WhiteElo "2091"]
[BlackElo "1973"]
[WhiteTeam "Latvia"]
[BlackTeam "Bosnia & Herzegovina"]
[WhiteFideId "11601701"]
[BlackFideId "14401550"]
[EventDate "2024.09.11"]

1. d4 d5 2. Nf3 Nf6 3. e3 Bf5 4. c4 c6 5. cxd5 cxd5 6. Nc3 e6 7. Qb3 Qc7 8. Bd2
Nc6 9. Rc1 Be7 10. Be2 O-O 11. O-O h6 12. Ne5 Rac8 13. Na4 Ne4 14. Be1 Bd6 15.
f3 Nf6 16. g4 Bh7 17. Bg3 Nd7 18. Nxc6 bxc6 19. Bxd6 Qxd6 20. Nc5 Rb8 21. Qa3 e5
22. Nxd7 Qxd7 23. dxe5 Qe6 24. f4 f6 25. exf6 Qxf6 26. Bf3 Rxb2 27. Rxc6 Qxc6
28. Qxb2 Be4 29. Bxe4 dxe4 30. Rc1 Qd7 31. Qe2 Kh8 32. Kf2 Rd8 33. Rc4 Qe7 34.
Kg3 Rd3 35. h4 Qe6 36. Rc5 Qd6 37. Re5 Qd4 38. Qf2 Rxe3+ 39. Kg2 Qd3 40. Kg1
Qd1+ 41. Kg2 Re2 0-1

[Event "Olimpiade 2024 - Donne"]
[Site "Budapest"]
[Date "20.09.2024"]
[Round "9.20"]
[Board "1"]
[White "Partac, Elena"]
[Black "Narva, Mai"]
[Result "0-1"]
[WhiteTitle "WGM"]
[BlackTitle "IM"]
[WhiteElo "2078"]
[BlackElo "2420"]
[WhiteTeam "Moldova"]
[BlackTeam "Estonia"]
[WhiteFideId "13901001"]
[BlackFideId "4500512"]
[EventDate "2024.09.11"]

1. e4 c5 2. Nf3 d6 3. d4 cxd4 4. Qxd4 Nc6 5. Bb5 a6 6. Bxc6+ bxc6 7. Bg5 Qc7 8.
Nc3 e5 9. Qd3 h6 10. Bh4 Ne7 11. O-O-O Ng6 12. Bg3 Be7 13. h4 Bg4 14. h5 Nf8 15.
Bh4 f6 16. Bg3 Ne6 17. Rde1 Nc5 18. Qe3 O-O 19. Nh4 Rfb8 20. Ng6 Rb7 21. f4 Rab8
22. f5 Rxb2 23. Rh4 d5 24. Rxg4 d4 25. Qxd4 Bd6 26. Qc4+ Kh7 27. Rd1 R2b4 28.
Qe2 Rd8 29. Bf2 Qa5 30. Nf8+ Bxf8 31. Rxd8 Qxd8 32. Rg3 Qa5 33. Qg4 Rb8 34. Kd2
Na4 35. Qf3 Nxc3 0-1